The unredeemed city : Reconstruction in Petersburg, Virginia : 1865-1874 /

Bibliographic Details
Main Author: Henderson, William D.
Format: Book
Language:English
Published: Washington : University Press of America, [1977]
Subjects:

MARC

Tag First Indicator Second Indicator Subfields
LEADER 00000cam a2200000 i 4500
001 in00000028748
005 20151007062825.0
008 780201s1977 dcua b 00110 eng d
020 |a 0819101850 
035 |a (OCoLC)03594475 
035 |9 AAD5877AM 
040 |a VRU  |c VRU  |d TXA  |d UtOrBLW 
043 |a n-us-va 
049 |a TXAM  |c [1559016] 
090 |a F234.P4  |b H4 
100 1 |a Henderson, William D. 
245 1 4 |a The unredeemed city :  |b Reconstruction in Petersburg, Virginia : 1865-1874 /  |c William D. Henderson. 
264 1 |a Washington :  |b University Press of America,  |c [1977] 
264 4 |c ©1977 
300 |a vii, 379 pages :  |b illustrations ;  |c 22 cm. 
336 |a text  |b txt  |2 rdacontent 
337 |a unmediated  |b n  |2 rdamedia 
338 |a volume  |b nc  |2 rdacarrier 
500 |a Includes index. 
504 |a Bibliography: pages 325-332. 
650 0 |a Reconstruction (U.S. history, 1865-1877)  |z Virginia. 
651 0 |a Petersburg (Va.)  |x History. 
999 |a MARS 
999 f f |s 7a40b97f-dfbe-3392-94a5-273bf1d5e280  |i 785e0041-7551-37ee-8c7d-0e42f175f65d  |t 0 
952 f f |p ric  |a Texas A&M University  |b Rellis Campus  |c Joint Library Facility  |d Remote Storage  |t 0  |e F234.P4 H4  |h Library of Congress classification  |i unmediated -- volume  |m A14802281730 
998 f f |a F234.P4 H4  |t 0  |l Remote Storage